000
00258nam a22001217a 4500
041
_a
ENG
100
_a
Pollard.A
245
_a
Process Control
260
_a
London
_b
Heinemann Educational Book
_c
1971
300
_a
406
650
_a
APE
856
_u
APE ( 3 )
999
_c
2505
_d
2505